| 000 | 00852nam a22002777a 4500 | ||
|---|---|---|---|
| 003 | CHAP | ||
| 005 | 20220329141738.0 | ||
| 008 | 971013s1984 r 00010 d | ||
| 010 | _a73231 | ||
| 011 | _a74203 | ||
| 035 | _a83762 | ||
| 040 | _cCHAP | ||
| 082 |
_a592 _bB3Y 1980 |
||
| 100 | 0 | 0 |
_aBarnes, Robert D. _910259 |
| 245 | _aZoología de los invertebrados | ||
| 260 |
_aMéxico, D. F. : _bInteramericana, _c1984 |
||
| 300 |
_a1157 p. _b: ilus. |
||
| 500 | _aTrad. de la 4 ed. en inglés de 1980 | ||
| 590 |
_aBATCH-UPD _b10 _c20130110 _lUCH01 _h0558 |
||
| 590 |
_aCONVERSION _b10 _c20130109 _lUCH01 _h1340 |
||
| 650 | 1 | 4 |
_aInvertebrados. _960203 |
| 901 | _aBK | ||
| 942 | _cLIBRO | ||
| 949 |
_a592 B3Y 1980 _bBC _cLIBRO _d33724000928172 _eLIBRO _fc.2 _h62440 _i83762 _so |
||
| 949 |
_a592 B3Y 1980 _bBC _cLIBRO _d33724000929816 _eLIBRO _h62439 _i83762 _si |
||
| 999 |
_c73231 _d73231 |
||